<?xml version="1.0" encoding="UTF-8"?>
<marc:record xmlns:marc="http://www.loc.gov/MARC21/slim">
   <marc:leader>00000nam a2200000 a 4500</marc:leader>
   <marc:datafield ind1="0" ind2="0" tag="245">
      <marc:subfield code="a">Der Oberhexenbesen 1 (Petronella Apfelmus)</marc:subfield>
   </marc:datafield>
   <marc:datafield ind1="0" ind2="0" tag="245">
      <marc:subfield code="b">und neun weitere magische Geschichten</marc:subfield>
   </marc:datafield>
   <marc:datafield ind1=" " ind2="1" tag="264">
      <marc:subfield code="a">München</marc:subfield>
      <marc:subfield code="b">Akkord Film</marc:subfield>
      <marc:subfield code="c">2020</marc:subfield>
   </marc:datafield>
   <marc:datafield ind1="1" ind2=" " tag="490">
      <marc:subfield code="a">Petronella Apfelmus</marc:subfield>
      <marc:subfield code="v">1</marc:subfield>
   </marc:datafield>
   <marc:datafield ind1="1" ind2=" " tag="520">
      <marc:subfield code="a">Spannende Geschichten aus dem magischen Apfelhexen-Garten Petronella Apfelmus lebt in einem Apfel im magischen Apfelhexen-Garten der 9-jährigen Zwillinge Lea und Luis. In dem Garten tummeln sich chaotische Apfelmännchen, der miesepetrige Schrat Dornwald, der freche Wichtel Nisse und noch viele andere Bewohner. Zusammen erleben sie jede Menge fantastische Abenteuer Diesesmal reparieren sie Pestillas Oberhexenbesen, schrumpfen den Papa, retten Amanda - mit einer Hexe als Freundin ist immer was los.</marc:subfield>
   </marc:datafield>
   <marc:datafield ind1=" " ind2=" " tag="338">
      <marc:subfield code="a">Videodisk</marc:subfield>
   </marc:datafield>
   <marc:datafield ind1=" " ind2=" " tag="300">
      <marc:subfield code="a">1 DVD</marc:subfield>
   </marc:datafield>
</marc:record>
